<?xml version="1.0" encoding="UTF-8"?>
<marc:record xmlns:marc="http://www.loc.gov/MARC21/slim">
   <marc:leader>00000nam a2200000 a 4500</marc:leader>
   <marc:datafield ind1="1" ind2=" " tag="100">
      <marc:subfield code="a">Simchen, Helga</marc:subfield>
      <marc:subfield code="4">aut</marc:subfield>
      <marc:subfield code="e">Verfasser/-in</marc:subfield>
   </marc:datafield>
   <marc:datafield ind1=" " ind2=" " tag="653">
      <marc:subfield code="a">Essstörung</marc:subfield>
   </marc:datafield>
   <marc:datafield ind1=" " ind2=" " tag="653">
      <marc:subfield code="a">Psychodynamik</marc:subfield>
   </marc:datafield>
   <marc:datafield ind1=" " ind2=" " tag="653">
      <marc:subfield code="a">Softcover / Medizin/Allgemeines</marc:subfield>
   </marc:datafield>
   <marc:datafield ind1="0" ind2="0" tag="245">
      <marc:subfield code="a">Essstörungen und Persönlichkeit</marc:subfield>
   </marc:datafield>
   <marc:datafield ind1="0" ind2="0" tag="245">
      <marc:subfield code="b">Magersucht, Bulimie und Übergewicht - warum Essen und Hungern zur Sucht werden</marc:subfield>
   </marc:datafield>
   <marc:datafield ind1="0" ind2="0" tag="245">
      <marc:subfield code="c">Helga Simchen</marc:subfield>
   </marc:datafield>
   <marc:datafield ind1=" " ind2="1" tag="264">
      <marc:subfield code="a">Stuttgart</marc:subfield>
      <marc:subfield code="b">Kohlhammer</marc:subfield>
      <marc:subfield code="c">2010</marc:subfield>
   </marc:datafield>
   <marc:datafield ind1=" " ind2=" " tag="250">
      <marc:subfield code="a">1. Aufl.</marc:subfield>
   </marc:datafield>
   <marc:datafield ind1="1" ind2=" " tag="520">
      <marc:subfield code="a">Angaben aus der Verlagsmeldung

Essstörungen und Persönlichkeit : Magersucht, Bulimie und Übergewicht - Kinder und Jugendliche im Konflikt zwischen Wollen und Können / von Helga Simchen

Viele Ärzte und Psychologen haben Essstörungen bisher zumeist als eine Folge von Beziehungsstörungen oder schwerer, psychisch belastender Ereignisse in der Kindheit angesehen. Inzwischen zeigt die Forschung jedoch, dass diese Sichtweise überholt ist. Tatsächlich sind Essstörungen mit Krankheitswert - die zumeist auf einer genetisch bedingten und somit vererbten Persönlichkeitsvariante beruhen - in aller Regel frustbedingte, automatisch ablaufende Fehlreaktionen, die dem Abreagieren unerträglicher Wahrnehmungs- und Gefühlszustände dienen und die sich über Jahre hinweg zu einem zwanghaften Suchtverhalten entwickeln. Die Autorin erläutert die Ursachen und Behandlungsmöglichkeiten von Kindern und Jugendlichen mit Magersucht, Bulimie und Adipositas fachlich versiert und anschaulich. Dabei geht sie auch dem Zusammenhang von AD(H)S und Essstörungen nach.
</marc:subfield>
   </marc:datafield>
   <marc:datafield ind1=" " ind2=" " tag="020">
      <marc:subfield code="a">9783170208483</marc:subfield>
      <marc:subfield code="9">9783170208483</marc:subfield>
   </marc:datafield>
   <marc:datafield ind1=" " ind2=" " tag="300">
      <marc:subfield code="a">X, 189 S.</marc:subfield>
   </marc:datafield>
</marc:record>
